Funds and foundations.

Bibliographic Details
Main Author: Flexner, Abraham, 1866-1959
Format: Book
Language:English
Published: New York : Harper, [1952]
Edition:[1st ed.].
Subjects:

MARC

Tag First Indicator Second Indicator Subfields
LEADER 00000cam a2200000 4500
001 in00000057420
005 20151007082116.0
008 720728s1952 eng u
010 |a  51011912  
035 |a (OCoLC)00368379 
035 |9 AAF7381AM 
040 |c WSU  |d TXA  |d UtOrBLW 
049 |a TXAM  |c [206286] 
090 |a AS911.A2  |b F6 
092 |a 061  |b F619f 
100 1 |a Flexner, Abraham,  |d 1866-1959. 
245 1 0 |a Funds and foundations. 
250 |a [1st ed.]. 
264 1 |a New York :  |b Harper,  |c [1952] 
300 |a 146 pages 
336 |a text  |b txt  |2 rdacontent 
337 |a unmediated  |b n  |2 rdamedia 
338 |a volume  |b nc  |2 rdacarrier 
650 0 |a Endowments  |z United States. 
999 |a MARS 
999 f f |s 65c7d8b6-2623-3d03-8de6-34e3476ef1c1  |i 4b8241ab-2d9c-3619-a5af-9c70b435e001  |t 0 
952 f f |p ric  |a Texas A&M University  |b Rellis Campus  |c Joint Library Facility  |d Remote Storage  |t 0  |e AS911.A2 F6  |h Library of Congress classification  |i unmediated -- volume  |m A14800499484 
998 f f |a AS911.A2 F6  |t 0  |l Remote Storage